书目信息 |
| 题名: |
后现代地理学
|
|
| 作者: | 苏贾 著 ;王文斌 译 | |
| 分册: | ||
| 出版信息: | 北京 商务印书馆 2004 |
|
| 页数: | 407页 | |
| 开本: | 20cm | |
| 丛书名: | 现代性研究译丛 | |
| 单 册: | ||
| 中图分类: | K90-06 | |
| 科图分类: | ||
| 主题词: | 地理学--学派--研究 | |
| 电子资源: | ||
| ISBN: | 7-100-04039-6 | |
| 000 | 01412nam0 2200289 450 | |
| 001 | TS2006043238 | |
| 005 | 20061205153640.71 | |
| 010 | @a7-100-04039-6@dCNY22.00 | |
| 100 | @a20060829d2004 kemy0chiy0120 ea | |
| 101 | 1 | @achi@ceng |
| 102 | @aCN@b110000 | |
| 105 | @ay z 000yy | |
| 200 | 1 | @a后现代地理学@AHou Xian Dai Di Li Xue@dPostmodern Geographies: The Reassertion of Space in Critical Social Theory@e重申批判社会理论中的空间@EZhong Shen Pi Pan She Hui Li Lun Zhong De Kong Jian@f(美)爱德华·W.苏贾(Edward W.Soja)著@F( Mei ) Ai De Hua· W. Su Jia (Edward W.Soja) Zhu@g王文斌译@zeng |
| 210 | @a北京@c商务印书馆@d2004 | |
| 215 | @a407页@d20cm | |
| 225 | 2 | @a现代性研究译丛 |
| 305 | @a据韦尔索出版公司1994年第4版译出 | |
| 330 | @a本书作者批判了“历史决定论”及其对地理学想像的限制作用;在论述福科、伯杰、吉登斯等“后现代地理学先驱者”的研究成果的基础上,力主一种历史的和地理的唯物主义,即对空间、时间和社会存在的辩证关系作根本性的再思考。 | |
| 410 | 0 | @12001 @a现代性研究译丛 |
| 510 | 1 | @aPostmodern Geographies: The Reassertion of Space in Critical Social Theory@zeng |
| 517 | 1 | @a重申批判社会理论中的空间@AZhong Shen Pi Pan She Hui Li Lun Zhong De Kong Jian |
| 606 | 0 | @a地理学@x学派@y研究 |
| 690 | @aK90-06@v4 | |
| 701 | A1 | @a苏贾@ASu Jia@b爱德华@g(Soja, Edward W.)@4著 |
| 702 | 0 | @a王文斌@AWang Wen Bin@c(社会学)@4译 |
| 801 | 0 | @aCN@b中图数据@c20061205 |
| 905 | @a10447@dK90-06@e140 | |
| 后现代地理学=Postmodern Geographies: The Reassertion of Space in Critical Social Theory:重申批判社会理论中的空间/(美)爱德华·W.苏贾(Edward W.Soja)著/王文斌译.-北京:商务印书馆,2004 |
| 407页;20cm.-(现代性研究译丛) |
| ISBN 7-100-04039-6:CNY22.00 |
| 本书作者批判了“历史决定论”及其对地理学想像的限制作用;在论述福科、伯杰、吉登斯等“后现代地理学先驱者”的研究成果的基础上,力主一种历史的和地理的唯物主义,即对空间、时间和社会存在的辩证关系作根本性的再思考。 |
| ● |
| 相关链接 |
|
|
|
|
正题名:后现代地理学
索取号:K90-06/140
 
预约/预借
| 序号 | 登录号 | 条形码 | 馆藏地/架位号 | 状态 | 备注 |
| 1 | 0603970 | 206039703 | 第二样本阅览室/ [索取号:K90-06/140] | 在馆 | |
| 2 | 0603971 | 206039712 | 第二借阅区/ [索取号:K90-06/140] | 在馆 | |
| 3 | 0603972 | 206039721 | 第二借阅区/ [索取号:K90-06/140] | 在馆 |